ORTHOTICS AND PROSTHETICS IN REHABILITATION (Record no. 23445)

MARC details
000 -LEADER
fixed length control field 00424nam a22001697a 4500
003 - CONTROL NUMBER IDENTIFIER
control field SGT
020 ## - INTERNATIONAL STANDARD BOOK NUMBER
International Standard Book Number 9780323676915
082 ## - DEWEY DECIMAL CLASSIFICATION NUMBER
Classification number 617.9
Item number O20C
100 ## - MAIN ENTRY--PERSONAL NAME
Personal name CHUI, KEVIN K.
245 ## - TITLE STATEMENT
Title ORTHOTICS AND PROSTHETICS IN REHABILITATION
250 ## - EDITION STATEMENT
Edition statement 4TH
260 ## - PUBLICATION, DISTRIBUTION, ETC. (IMPRINT)
Place of publication, distribution, etc MISSOURI
Name of publisher, distributor, etc ELSEVIER PUB
Year of Publication 2020
300 ## - PAGE DESCRIPTION
No. of Pages 817
650 ## - SUBJECT ADDED ENTRY--TOPICAL TERM
Topical term or geographic name as entry element PHYSIOTHERAPY
653 ## - KEYWORDS--INDEX TERM
Keyword term ORTHOTICS AND PROSTHETICS IN REHABILITATION
942 ## - ADDED ENTRY ELEMENTS (KOHA)
Source of classification or shelving scheme Dewey Decimal Classification
Koha item type Books
Holdings
Withdrawn status Lost status Source of classification or shelving scheme Damaged status Not for loan Collection code Home library Current library Shelving location Date acquired Vendor Name Cost, normal purchase price SGTU Bill Number Total Checkouts Full call number Accession No. (Barcode) Date last seen Bill Date Koha item type
    Dewey Decimal Classification   Not For Loan MEDICAL SGT Medical Library SGT Medical Library Reference Book 21/11/2022 ABC DELHI 11315.00 SGTU 15045   617.9 O20C FM13386 21/11/2022 12/09/2022 Books
    Dewey Decimal Classification   Not For Loan MEDICAL SGT Medical Library SGT Medical Library Reference Book 21/11/2022 ABC DELHI 11315.00 SGTU 15045   617.9 O20C FM13387 21/11/2022 12/09/2022 Books